000 01005nam0a22002771 4500
001 rc\187271
005 20220205214032.0
010 _a5-274-01700-2
_91070
035 _a(NLR Aleph) 005445090
090 _a4798417
_c4798417
100 _a20030307d1996 u |0rusy50 ca
101 0 _arus
102 _aRU
105 _aa |||||||||
200 1 _aМикроэкономика строительного комплекса
_eУчеб. пособие
_fА.К. Безбогин, Г.А. Безбогин, Н.М. Лункевич
210 _aМ.
_cСтройиздат
_d1996
215 _a109, [1] с.
_cграф.
_d21
700 1 _aБезбогин
_bА. К.
_gАлександр Константинович
701 1 _aБезбогин
_bГ. К.
_gГеннадий Константинович
701 1 _aЛункевич
_bН. М.
_gНина Михайловна
801 0 _aRU
_bNLR
_gpsbo
801 1 _aRU
_bELAR
_2rusmarc
852 _aNLR
_j96-3/10055
942 _cBOOK
980 _aNB